000 00410cam a22001337a 4500
008 180718b1964 xxu||||| |||| 00| 0 eng d
082 _aDx54 In2/3
100 _aRajan, M.S.
245 _aIndia in world affairs 1954-56
_cby M.S. Rajan
260 _aBombay
_bAsia
_c1964
300 _axvi, 675p
500 _aIssued under the auspices of the Indian council of world affairs
650 _aIndia --Foreign relations
999 _c424274
_d424274